| 000 | 00662nam a2200193Ia 4500 | ||
|---|---|---|---|
| 003 | GCL | ||
| 008 | 140319s9999 xx 000 0 ara d | ||
| 040 |
_aGCL / _cGCL |
||
| 082 | 0 | 4 |
_a953 _bب و |
| 100 | 1 | _aاحمد فؤاد بلبع | |
| 245 | 1 | 0 |
_aالوثنية والاسلام تاريخ الامبراطوريات الونجية فى غربى افريقية / _cاحمد فؤاد بلبع |
| 700 | 1 | _aبانيكار، ك . م | |
| 300 | _a479 ح | ||
| 490 |
_aالمجلس الاعلى للثقافة _v0 |
||
| 650 | 0 | 4 | _aالاسلام |
| 650 | 0 | 4 | _aالفتوحات الاسلامية |
| 650 | 0 | 4 | _aالتاريخ الاسلامى |
| 942 |
_2ddc _cBK |
||
| 999 |
_c45535 _d45535 |
||